000 01568nam0a2200445 4500
001 RU\NLR\BIBL_A\010745069
005 20260409074410.0
010 _a978-5-17-089637-0
_92000
021 _aRU
_b2015-21449
_91283
035 _a(NLR Aleph) 010745069
035 _a(NILC)RuMoRGB-007894980
090 _a9919926
_c9919926
100 _a20150506d2015 u y0rusy50 ca
101 1 _arus
_ceng
102 _aRU
105 _ay|||z|||000yy
200 1 _aКонец истории и последний человек
_fФрэнсис Фукуяма
_g[пер. с англ. М. Б. Левина]
210 _aМосква
_cACT
_d2015
215 _a575 с.
_cтабл.
_d21
225 1 _aСерия "Политика"
225 1 _aNeoclassic
320 _aБиблиогр. в примеч.: с. 483-573
320 _aДр. кн. авт. на 3-й с. суперобл.
333 _a16+
606 1 _aФилософия истории
_91851250
_3RU\NLR\AUTH\661130172
606 _aФутурология (социол.)
_3RU\NLR\AUTH\661292105
_92144422
675 _a101.1:316.3
686 1 _aЮ6
686 1 _aЮ252:Т08
686 1 _aС550.373.11
700 1 _4570
_7ca
_8rus
_aФукуяма
_bФ.
_f1952-
_gФрэнсис
_9176565
_3RU\NLR\AUTH\770176616
801 0 _aRU
_bРГБ
_c20100203
_gRCR
801 1 _aRU
_bЛИБНЕТ
_c20100203
_2rusmarc
801 2 _aRU
_bЦУНБ Москва
_c20150324
_gRCR
801 2 _aRU
_bРГБ
_c20150324
_gRCR
942 _cBOOK
980 _aNB
980 _aNBR